Statistiques concernant Demon Slayer : Souffles

Cliquez ici pour prendre le quiz!

Statistiques générales

  • Ce quiz a été pris 114 fois
  • Le résultat moyen est 10 sur 14

Statistiques - réponses

Réponse% Correct
Eau
98%
Flamme
91%
Vent
89%
Foudre
86%
Amour
83%
Serpent
81%
Roche
79%
Soleil
77%
Bête
76%
Insecte
75%
Brume
71%
Lune
59%
Fleur
46%
Sons
39%

Distribution des résultats

Percentile par nombre de réponses

% des personnes avec chaque résultat

Votre développement - résultats

Vous n’avez pas pris ce quiz